| 000 | 01061nam a2200313 i 4500 | ||
|---|---|---|---|
| 003 | EG-GICUC | ||
| 005 | 20260306134852.0 | ||
| 008 | 260306s1921 uk ||||fr|||| 001 0 eng d | ||
| 040 |
_aEG-GiCUC _beng _cEG-GiCUC _dEG-GiCUC _eRda |
||
| 082 | 0 | 4 |
_221 _a341.64 _bOP . I |
| 092 | 0 | 4 | _221 |
| 099 | _aLaw1 11 341.64 OP . I 1921 | ||
| 100 | 1 |
_aOppenheim, L _eAuthor. |
|
| 245 | 1 | 0 |
_aInternational Law A Treatise : _bWar and Neutrality. _nVol II / _cL. Oppenheim ; Ronald F. Roxburgh. |
| 250 | _aThird Edition | ||
| 264 | 1 |
_aLondon : _bLongmans, Green and Co, _c1921. |
|
| 300 |
_a671page : _billustration ; _c 24 cm. |
||
| 336 |
_2rda contenu _a texte |
||
| 337 |
_2rda medias _aOrdinateur |
||
| 338 |
_2 transporteur rda _a Ressource en ligne |
||
| 504 | _aIncludes bibliographical references and index. | ||
| 546 | _aText in English | ||
| 650 | 1 | 4 |
_aPublic international law _2 |
| 651 | 1 | _2 | |
| 700 | 1 |
_aRoxburgh, Ronald F _eeditor. |
|
| 856 | 4 | 0 | _uhttps://fll.law.cu.edu.eg/fulltext/bks/B11-08640.pdf |
| 905 | _a50 | ||
| 942 |
_2ddc _cBK _e21 _n0 |
||
| 999 |
_c65220 _d65220 |
||